[Event "9. Lichtenberger Sommer 2010"]
[Site "Berlin"]
[Date "2010.08.15"]
[Round "9.43"]
[White "Schmalzried, Volker"]
[Black "Solhdjou, Mohammed"]
[Result "0-1"]
[WhiteElo "1853"]
[BlackElo "1961"]
[PlyCount "126"]
[EventDate "2010.??.??"]
[WhiteTeam "Umweltbundesamt"]
[BlackTeam "vereinslos"]

1. c4 Nf6 2. Nc3 e6 3. d4 d5 4. cxd5 exd5 5. Nf3 Bd6 6. g3 O-O 7. Bg2 c6 8. O-O
Re8 9. a3 Nbd7 10. Re1 b6 11. b4 Bb7 12. Bg5 h6 13. Bxf6 Nxf6 14. Qb3 a5 15.
Rab1 axb4 16. axb4 Qe7 17. Nd2 Ng4 18. e4 Qf6 19. Nf3 dxe4 20. Nxe4 Qd8 21. h3
Nf6 22. Nxd6 Qxd6 23. Ne5 Re7 24. Qc3 Nd5 25. Qb3 Nc7 26. Qc4 Rae8 27. Nf3 Nb5
28. Rxe7 Rxe7 29. Rd1 Re4 30. Rd3 Bc8 31. Ne5 Re1+ 32. Kh2 Be6 33. Qxc6 Qxb4
34. Qe8+ Kh7 35. Nxf7 Bf5 36. Re3 Rxe3 37. Qxe3 Qxd4 38. Qxd4 Nxd4 39. Bf1 Kg6
40. Nd6 Bc2 41. g4 Kf6 42. f4 Ke6 43. Nb5 Kd5 44. Nxd4 Kxd4 45. Bb5 Kc5 46. Bd7
b5 47. g5 b4 48. gxh6 gxh6 49. f5 Kd6 50. Be6 Ke5 51. Kg3 Bxf5 52. Bb3 Be6 53.
Bc2 b3 54. Bxb3 Bxb3 55. Kg4 Bd1+ 56. Kh4 Ke4 57. Kg3 Ke3 58. h4 h5 59. Kg2 Kf4
60. Kh2 Kg4 61. Kg2 Kxh4 62. Kh2 Bf3 63. Kg1 Kg3 0-1

[Event "9. Lichtenberger Sommer 2010"]
[Site "Berlin"]
[Date "2010.08.15"]
[Round "9.44"]
[White "Jaeger, Andre"]
[Black "Schulz, Toni"]
[Result "1/2-1/2"]
[WhiteElo "2051"]
[BlackElo "1857"]
[PlyCount "100"]
[EventDate "2010.??.??"]
[WhiteTeam "SC Rochade e.V."]
[BlackTeam "ESV Lok Raw Cottbus e.V."]

1. d4 Nf6 2. c4 c5 3. Nf3 d6 4. g3 Nbd7 5. Bg2 Qc7 6. Nc3 e6 7. O-O a6 8. b3
Be7 9. Bb2 b6 10. d5 e5 11. e4 O-O 12. Nd2 Ne8 13. f4 g6 14. Bh3 Ng7 15. Nf3
exf4 16. gxf4 Nh5 17. Ne2 Ndf6 18. Bxc8 Qxc8 19. Bxf6 Qg4+ 20. Kh1 Bxf6 21. e5
Bg7 22. Qd2 Rfe8 23. Qe3 Bh6 24. Rg1 Qh3 25. Qf2 Bxf4 26. Nxf4 Nxf4 27. Ng5 Qf5
28. Qh4 h5 29. e6 fxe6 30. Raf1 e5 31. h3 Rf8 32. Ne6 Qe4+ 33. Kh2 Rf7 34. Ng5
Qf5 35. Nxf7 Kxf7 36. Rg3 Qd3 37. Rxf4+ exf4 38. Qxf4+ Kg7 39. Qxd6 Rf8 40.
Qe5+ Kh6 41. Rg2 Qf5 42. Qxf5 Rxf5 43. d6 Rf7 44. h4 Rd7 45. Rd2 g5 46. hxg5+
Kxg5 47. Kh3 Kf5 48. Kh4 Ke6 49. Kxh5 Rxd6 50. Re2+ Kf5 1/2-1/2

[Event "9. Lichtenberger Sommer 2010"]
[Site "Berlin"]
[Date "2010.08.15"]
[Round "9.46"]
[White "Lang, Martin"]
[Black "von Löhneysen, Leonard"]
[Result "0-1"]
[WhiteElo "1945"]
[BlackElo "2054"]
[PlyCount "72"]
[EventDate "2010.??.??"]
[WhiteTeam "SC Zugzwang 95 e.V."]
[BlackTeam "SK Zehlendorf e.V."]

1. e4 c5 2. Nf3 Nc6 3. d4 cxd4 4. Nxd4 Nf6 5. Nc3 e5 6. Ndb5 d6 7. Bg5 a6 8.
Na3 b5 9. Nd5 Be7 10. Bxf6 Bxf6 11. c3 Bg5 12. Nc2 O-O 13. Bd3 Be6 14. Nce3 Ne7
15. h4 Bxe3 16. Nxe3 d5 17. exd5 Nxd5 18. Qh5 Nf6 19. Qe2 Re8 20. O-O g6 21. a4
bxa4 22. Rxa4 a5 23. Bc4 Nh5 24. Bxe6 Rxe6 25. Nc4 Nf4 26. Qf3 Nd3 27. Rxa5
Rxa5 28. Nxa5 e4 29. Qg3 Qxa5 30. Qb8+ Kg7 31. b4 Qb6 32. Qa8 e3 33. fxe3 Qxe3+
34. Kh1 Nf2+ 35. Kh2 Ng4+ 36. Kh1 Qg3 0-1

[Event "9. Lichtenberger Sommer 2010"]
[Site "Berlin"]
[Date "2010.08.15"]
[Round "9.48"]
[White "Körner, Helmut"]
[Black "Schmidt, Jürgen"]
[Result "1/2-1/2"]
[WhiteElo "1965"]
[BlackElo "2017"]
[PlyCount "71"]
[EventDate "2010.??.??"]
[WhiteTeam "Sfr.Nord-Ost Berlin"]
[BlackTeam "SC Kreuzberg e.V."]

1. b4 d5 2. Bb2 Bf5 3. Nf3 Nf6 4. e3 e6 5. c4 Nbd7 6. Qb3 Be7 7. Be2 O-O 8. O-O
a5 9. a3 axb4 10. axb4 Rxa1 11. Bxa1 dxc4 12. Bxc4 Nb6 13. Nd4 Bg6 14. Be2 Nfd5
15. b5 e5 16. Nf3 e4 17. Ne5 Bf5 18. Nc3 Bf6 19. Nxd5 Qxd5 20. Qxd5 Nxd5 21. f4
exf3 22. gxf3 Bh3 23. Rc1 Ra8 24. Bc4 Be6 25. Bd4 Bd8 26. Nd3 c6 27. bxc6 bxc6
28. e4 Nc7 29. Bxe6 Nxe6 30. Be3 Rc8 31. Rc4 f6 32. Kf2 Be7 33. Nf4 Nxf4 34.
Bxf4 Kf7 35. d4 Ke6 36. d5+ 1/2-1/2

[Event "9. Lichtenberger Sommer 2010"]
[Site "Berlin"]
[Date "2010.08.15"]
[Round "9.49"]
[White "Kapp, Frank"]
[Black "Barwich, Andreas"]
[Result "1/2-1/2"]
[WhiteElo "1881"]
[BlackElo "1905"]
[PlyCount "127"]
[EventDate "2010.??.??"]
[WhiteTeam "TSV IFA Chemnitz"]
[BlackTeam "SV Berolina Mitte e.V."]

1. d4 Nf6 2. c4 e6 3. Nc3 Bb4 4. Bg5 h6 5. Bxf6 Qxf6 6. a3 Bxc3+ 7. bxc3 d5 8.
e3 O-O 9. Nf3 Nd7 10. cxd5 exd5 11. c4 dxc4 12. Bxc4 c5 13. O-O Nb6 14. Qb3
cxd4 15. Nxd4 Nxc4 16. Qxc4 Be6 17. Nxe6 Qxe6 18. Qxe6 fxe6 19. Rfd1 Rfd8 20.
f3 Rac8 21. e4 Kf7 22. h4 Ke7 23. Rdc1 b5 24. Rab1 Rc4 25. Rxc4 bxc4 26. Rc1
Rc8 27. Kf2 Kd6 28. f4 Kc5 29. Ke3 Rb8 30. a4 Rb3+ 31. Kf2 Ra3 32. f5 exf5 33.
exf5 Rxa4 34. Ke3 Kd5 35. Rd1+ Ke5 36. Rd7 Ra3+ 37. Ke2 Kf6 38. g4 Rg3 39. Rd6+
Ke5 40. Re6+ Kd4 41. Rd6+ Kc3 42. Rg6 Kb2 43. Rxg7 Rb3 44. Rxa7 c3 45. f6 c2
46. Rc7 Rc3 47. Rxc3 Kxc3 48. f7 c1=Q 49. f8=Q Qd2+ 50. Kf1 Qd3+ 51. Kg2 Qa6
52. Kg3 Kd4 53. Qf2+ Ke5 54. Qc5+ Kf6 55. Qf8+ Kg6 56. Qg8+ Kf6 57. Qh8+ Kf7
58. Qh7+ Kf8 59. Kf4 Qf1+ 60. Ke5 Qe1+ 61. Kd6 Qxh4 62. Qf5+ Kg7 63. Ke5 Qe7+
64. Kf4 1/2-1/2

[Event "9. Lichtenberger Sommer 2010"]
[Site "Berlin"]
[Date "2010.08.15"]
[Round "9.50"]
[White "Schilke, Michael"]
[Black "Fuchs, Jörg"]
[Result "1-0"]
[WhiteElo "1954"]
[BlackElo "1873"]
[PlyCount "121"]
[EventDate "2010.??.??"]
[WhiteTeam "SV Berolina Mitte e.V."]
[BlackTeam "SC Kreuzberg e.V."]

1. d4 f5 2. g3 Nf6 3. Bg2 e6 4. c4 Be7 5. Nc3 O-O 6. Qc2 d6 7. Nf3 Qe8 8. O-O
a5 9. b3 Na6 10. a3 c6 11. e4 Qh5 12. e5 dxe5 13. dxe5 Ng4 14. Ne2 g5 15. h3
Nh6 16. Nfd4 Nc5 17. f4 g4 18. h4 Na6 19. Be3 Bd7 20. Rfd1 Qe8 21. Qd2 b6 22.
Nc2 Nc5 23. b4 Nb3 24. Qxd7 Nxa1 25. Qxe6+ Qf7 26. Qxf7+ Nxf7 27. Rxa1 axb4 28.
axb4 Rxa1+ 29. Nxa1 Rd8 30. Nc2 c5 31. b5 Rd3 32. Bd5 Kf8 33. Bxf7 Kxf7 34. Kf2
h5 35. Bc1 Rd1 36. Be3 Rd3 37. Ne1 Rd1 38. Nc2 Rd3 39. Ne1 Rd1 40. Bc1 Bxh4 41.
Ng2 Bd8 42. Ne3 Rh1 43. Nxf5 Rh2+ 44. Ke3 Ke6 45. Nd6 h4 46. gxh4 Rxh4 47. Ke4
Rh1 48. f5+ Kd7 49. Be3 Re1 50. Nf4 Bc7 51. Nf7 Ke8 52. e6 Bxf4 53. Kxf4 g3 54.
Bxc5 bxc5 55. Kxg3 Rb1 56. Kf4 Ke7 57. Ke5 Re1+ 58. Kd5 Kf6 59. Nd6 Re5+ 60.
Kc6 Ke7 61. b6 1-0

[Event "9. Lichtenberger Sommer 2010"]
[Site "Berlin"]
[Date "2010.08.15"]
[Round "9.51"]
[White "Roth, Joachim"]
[Black "Lerch, Philipp"]
[Result "1/2-1/2"]
[WhiteElo "1895"]
[BlackElo "1944"]
[PlyCount "66"]
[EventDate "2010.??.??"]
[WhiteTeam "SG Bund"]
[BlackTeam "SK König Tegel 1949 e.V."]

1. c4 Nf6 2. g3 g6 3. Bg2 Bg7 4. Nc3 O-O 5. e3 d6 6. Nge2 e5 7. d4 c6 8. O-O
Qe7 9. h3 Na6 10. Kh2 Be6 11. Qa4 Nc7 12. b3 Rfd8 13. Ba3 Qe8 14. Rad1 exd4 15.
Nxd4 d5 16. Nxe6 fxe6 17. Ne2 Qf7 18. Bb4 Nd7 19. Qa3 a5 20. Bc3 Qf8 21. Qb2
Nb6 22. Bxg7 Qxg7 23. Qc2 a4 24. Rd2 axb3 25. axb3 Qf8 26. cxd5 exd5 27. Nd4
Qf7 28. Nf3 Qf6 29. h4 Ne6 30. Nd4 Nd7 31. f4 Nxd4 32. exd4 Rf8 33. Bh3 Rf7
1/2-1/2

[Event "9. Lichtenberger Sommer 2010"]
[Site "Berlin"]
[Date "2010.08.15"]
[Round "9.52"]
[White "Merz, Rüdiger"]
[Black "Ziems, Michael"]
[Result "1-0"]
[WhiteElo "1920"]
[BlackElo "1798"]
[PlyCount "41"]
[EventDate "2010.??.??"]
[WhiteTeam "SK Zehlendorf e.V."]
[BlackTeam "SV Empor Berlin e.V."]

1. e4 e6 2. d4 d5 3. Nc3 Nf6 4. e5 Nfd7 5. f4 c5 6. Nf3 cxd4 7. Nxd4 Nc6 8. Be3
Bb4 9. a3 Bxc3+ 10. bxc3 a6 11. c4 Nb6 12. cxd5 Nxd5 13. Nxc6 bxc6 14. Bd2 O-O
15. c4 Ne7 16. Bb4 Nf5 17. Bxf8 Qh4+ 18. g3 Nxg3 19. hxg3 Qxh1 20. Bc5 Bb7 21.
Kf2 1-0

[Event "9. Lichtenberger Sommer 2010"]
[Site "Berlin"]
[Date "2010.08.15"]
[Round "9.53"]
[White "Herrmann, Eberhard"]
[Black "Galkin, Wladislaw"]
[Result "0-1"]
[WhiteElo "1818"]
[BlackElo "1910"]
[PlyCount "54"]
[EventDate "2010.??.??"]
[WhiteTeam "SC Friesen Lichtenberg e.V."]
[BlackTeam "SC Ladja Roßdorf"]

1. e4 e5 2. Nf3 Nc6 3. d4 exd4 4. Bc4 Bc5 5. Ng5 Nh6 6. Nxf7 Nxf7 7. Bxf7+ Kxf7
8. Qh5+ g6 9. Qxc5 d6 10. Qb5 Re8 11. Nd2 d5 12. Qb3 Kg7 13. O-O dxe4 14. Re1
Qh4 15. Nf3 Qf6 16. Bg5 Qd6 17. Bh4 Be6 18. Qb5 exf3 19. Bg3 Qd7 20. Rad1 Bf7
21. Rf1 fxg2 22. Rfe1 Rxe1+ 23. Rxe1 Re8 24. Rd1 Bd5 25. c4 Bf3 26. Rc1 Qe6 27.
h3 Qe1+ 0-1

[Event "9. Lichtenberger Sommer 2010"]
[Site "Berlin"]
[Date "2010.08.15"]
[Round "9.54"]
[White "Grillich, Alexander"]
[Black "Kiesewetter, Peter"]
[Result "0-1"]
[WhiteElo "1994"]
[BlackElo "1887"]
[PlyCount "90"]
[EventDate "2010.??.??"]
[WhiteTeam "SC Rochade e.V."]
[BlackTeam "SC Schwarz-Weiß Lichtenrade e.V."]

1. e4 c5 2. Nf3 e6 3. d3 Nc6 4. g3 d5 5. Nbd2 Nf6 6. Bg2 Be7 7. O-O O-O 8. Re1
b6 9. Qe2 Bb7 10. c3 Re8 11. Nf1 c4 12. e5 cxd3 13. Qxd3 Ne4 14. N1d2 Nc5 15.
Qe2 Ba6 16. c4 dxc4 17. Nxc4 Nd3 18. Nfd2 Rc8 19. Rf1 Ndxe5 20. b3 Nxc4 21.
Nxc4 Nd4 22. Qg4 Bxc4 23. bxc4 Rxc4 24. Bh6 Bf8 25. Rfd1 f5 26. Qg5 Qxg5 27.
Bxg5 g6 28. Bf6 Bg7 29. Bxg7 Kxg7 30. Bf1 Ra4 31. Rac1 Re7 32. Rc8 e5 33. Bc4
Ra5 34. f4 Rc5 35. Rg8+ Kh6 36. Ba6 Nf3+ 37. Kf2 e4 38. Be2 Rc2 39. h4 Rxa2 40.
h5 Rd2 41. Rh1 gxh5 42. Ke3 Rg7 43. Rf8 Rxg3 44. Kf2 Rg6 45. Rxf5 Rxe2+ 0-1

[Event "9. Lichtenberger Sommer 2010"]
[Site "Berlin"]
[Date "2010.08.15"]
[Round "9.55"]
[White "Kießling, Beate"]
[Black "Neumaier, Hubert"]
[Result "0-1"]
[WhiteElo "1699"]
[BlackElo "1858"]
[PlyCount "68"]
[EventDate "2010.??.??"]
[WhiteTeam "Queer-Springer SSV Berlin"]
[BlackTeam "vereinslos"]

1. c4 b6 2. Nf3 Bb7 3. g3 Bxf3 4. exf3 c5 5. Bg2 Nc6 6. Nc3 e6 7. O-O Nf6 8. d3
Be7 9. Re1 O-O 10. Bf4 Nh5 11. Be3 Rc8 12. a3 Nf6 13. Rc1 d5 14. cxd5 Nxd5 15.
f4 Bf6 16. Rc2 Qd7 17. Ne4 Bd4 18. Rd2 h6 19. h3 f5 20. Nc3 Nxc3 21. bxc3 Bxc3
22. Qb3 Bxd2 23. Bxd2 Nd4 24. Qa2 Rfe8 25. Bc3 Kh8 26. Ba1 Re7 27. g4 Rce8 28.
g5 hxg5 29. fxg5 e5 30. Qb1 g6 31. Kf1 f4 32. Qd1 Qf5 33. h4 f3 34. Bh1 Qh3+
0-1

[Event "9. Lichtenberger Sommer 2010"]
[Site "Berlin"]
[Date "2010.08.15"]
[Round "9.56"]
[White "Jachym, Adam"]
[Black "Schönemann, Manfred"]
[Result "1-0"]
[WhiteElo "1835"]
[BlackElo "1811"]
[PlyCount "59"]
[EventDate "2010.??.??"]
[WhiteTeam "OKSZ Spolem Opole"]
[BlackTeam "SV Turbine Berlin e.V."]

1. e4 c5 2. c3 d5 3. exd5 Qxd5 4. d4 cxd4 5. cxd4 Nc6 6. Nf3 Bg4 7. Be2 e6 8.
h3 Bh5 9. Nc3 Bb4 10. O-O Qd7 11. d5 Bxf3 12. Bxf3 Nd8 13. dxe6 fxe6 14. Qe2
Nf6 15. Rd1 Qe7 16. Qb5+ Kf7 17. Bg5 a6 18. Qa4 b5 19. Nxb5 Rc8 20. Qxa6 Rc2
21. Nd4 Rxb2 22. Bc1 Bc3 23. Bxb2 Bxb2 24. Rab1 Bxd4 25. Rxd4 Qc5 26. Rbd1 Ke7
27. Rc4 Qe5 28. Qa7+ Ke8 29. Bc6+ Nxc6 30. Rxc6 1-0

[Event "9. Lichtenberger Sommer 2010"]
[Site "Berlin"]
[Date "2010.08.15"]
[Round "9.57"]
[White "Boeck, Rüdiger"]
[Black "Vollbrecht, Lars"]
[Result "1-0"]
[WhiteElo "1779"]
[BlackElo "1881"]
[PlyCount "129"]
[EventDate "2010.??.??"]
[WhiteTeam "SC Weisse Dame Ulm e.V."]
[BlackTeam "SF Siemensstadt"]

1. e4 e5 2. Nf3 d6 3. d4 exd4 4. Nxd4 Nf6 5. Nc3 Be7 6. h3 O-O 7. Bc4 c6 8. O-O
Nfd7 9. Nf5 Ne5 10. Nxe7+ Qxe7 11. Bb3 Qc7 12. f4 Ned7 13. f5 Nf6 14. g4 d5 15.
Qf3 dxe4 16. Qg2 Qb6+ 17. Kh1 e3 18. g5 Nd5 19. Nxd5 cxd5 20. g6 fxg6 21. Bxd5+
Kh8 22. fxg6 Rxf1+ 23. Qxf1 Qf6 24. Bxe3 hxg6 25. Qg2 Nc6 26. Rf1 Bf5 27. Bg5
Qe5 28. Bf4 Qf6 29. Rf2 Rc8 30. Qg3 Be6 31. Be4 Bf5 32. Bf3 Kg8 33. Bg5 Qe5 34.
Qxe5 Nxe5 35. Bxb7 Rxc2 36. Rxc2 Bxc2 37. Be3 a5 38. Bd2 a4 39. Bd5+ Kh7 40. b4
axb3 41. axb3 Nd7 42. b4 Ba4 43. Kg2 Bb5 44. Kg3 Nf6 45. Bg2 Kg8 46. Kf4 Kf7
47. Ke5 Ke7 48. Bg5 Kf7 49. Kd6 Ba4 50. Bc6 Ne8+ 51. Kc5 Nc7 52. Bxa4 Ne6+ 53.
Kc6 Nxg5 54. b5 Ke7 55. b6 Ne6 56. Bc2 g5 57. Bf5 Nd8+ 58. Kc7 Ke8 59. Bg6+ Ke7
60. Bf5 Ke8 61. Bg4 Ke7 62. Bd7 g6 63. Bg4 Ke8 64. Bc8 Ke7 65. Bd7 1-0

[Event "9. Lichtenberger Sommer 2010"]
[Site "Berlin"]
[Date "2010.08.15"]
[Round "9.58"]
[White "Peters, Henning"]
[Black "Brauer, Thilo"]
[Result "1-0"]
[WhiteElo "1740"]
[BlackElo "1830"]
[PlyCount "97"]
[EventDate "2010.??.??"]
[WhiteTeam "SV Bad Schwartau von 1930"]
[BlackTeam "SC Friesen Lichtenberg e.V."]

1. e4 d6 2. d4 Nf6 3. Nc3 e5 4. Nf3 Nbd7 5. Bc4 h6 6. O-O c6 7. a4 a5 8. Re1
Be7 9. h3 O-O 10. Be3 Rb8 11. Nh2 b5 12. axb5 cxb5 13. Bd3 b4 14. Ne2 Bb7 15.
Ng3 d5 16. exd5 Nxd5 17. Nf5 Nxe3 18. Nxe7+ Qxe7 19. Rxe3 e4 20. Bc4 Nb6 21.
Bb3 Ra8 22. c4 a4 23. c5 axb3 24. cxb6 Rxa1 25. Qxa1 Ra8 26. Qd1 Qd6 27. Rxb3
Rd8 28. Nf1 Qxd4 29. Qxd4 Rxd4 30. Ne3 g6 31. Kf1 Kf8 32. Nc2 Rd2 33. Nxb4 Ke7
34. Ke1 Rd6 35. Nc2 Kd7 36. Ne3 Kc8 37. Nc4 Rd5 38. Rb5 Rd7 39. Na5 Kb8 40.
Nxb7 Kxb7 41. Ke2 Kc6 42. Rb3 Rb7 43. Kd2 f5 44. Kc3 Kc5 45. Rb4 h5 46. h4 Kd5
47. Rb5+ Kc6 48. Kb4 Re7 49. b7 1-0

[Event "9. Lichtenberger Sommer 2010"]
[Site "Berlin"]
[Date "2010.08.15"]
[Round "9.59"]
[White "Kohlmeyer, Dagobert"]
[Black "Oginski, Ulrich"]
[Result "0-1"]
[WhiteElo "1888"]
[BlackElo "1826"]
[PlyCount "94"]
[EventDate "2010.??.??"]
[WhiteTeam "SC Rochade e.V."]
[BlackTeam "SC Weisse Dame e.V."]

1. e4 c6 2. d4 d5 3. Nc3 dxe4 4. Nxe4 Nd7 5. Nf3 Ngf6 6. Nxf6+ Nxf6 7. Bc4 Nd5
8. Ne5 g6 9. O-O Bg7 10. c3 O-O 11. Ng4 Nb6 12. Bb3 Bxg4 13. Qxg4 Qd7 14. Qe4
e6 15. Re1 Nd5 16. Bc2 Rfd8 17. Bg5 Bf6 18. Bh6 Bg7 19. Bxg7 Kxg7 20. h4 h5 21.
Bb3 Qe7 22. Rad1 Qf6 23. Rd3 Ne7 24. Rf3 Nf5 25. g3 Rd7 26. Rf4 Rad8 27. Kg2
Qe7 28. Qe5+ Qf6 29. Qxf6+ Kxf6 30. Bc2 Rd5 31. b4 a6 32. a4 Kg7 33. Bxf5 gxf5
34. a5 b6 35. axb6 Rb5 36. b7 Rxb7 37. Ra1 Ra8 38. f3 Rb5 39. Ra4 a5 40. c4
Rxb4 41. Rxb4 axb4 42. c5 b3 43. d5 Rb8 44. dxc6 b2 45. c7 b1=Q 46. cxb8=Q Qxb8
47. Rc4 Qb3 0-1

[Event "9. Lichtenberger Sommer 2010"]
[Site "Berlin"]
[Date "2010.08.15"]
[Round "9.60"]
[White "Keusch, Horst"]
[Black "Bullig, Reinhard"]
[Result "1-0"]
[WhiteElo "1953"]
[BlackElo "1717"]
[PlyCount "59"]
[EventDate "2010.??.??"]
[WhiteTeam "SC Friesen Lichtenberg e.V."]
[BlackTeam "Sfrd. Berlin 1903 e.V."]

1. c4 c6 2. Nc3 e6 3. d4 d5 4. c5 b6 5. b4 bxc5 6. bxc5 Ba6 7. a4 g6 8. Nf3 Bh6
9. Bxh6 Nxh6 10. Ne5 Qc7 11. h3 f6 12. Ng4 Nxg4 13. hxg4 O-O 14. Rb1 Bc8 15. e3
e5 16. Be2 f5 17. Qb3 Kh8 18. gxf5 Bxf5 19. Rb2 exd4 20. Nd1 Nd7 21. exd4 Qa5+
22. Kf1 Rab8 23. Qe3 Rxb2 24. Qe7 g5 25. Nxb2 Qd2 26. g4 Be4 27. f3 Qc1+ 28.
Nd1 Bd3 29. Ke1 Qf4 30. Bxd3 1-0

[Event "9. Lichtenberger Sommer 2010"]
[Site "Berlin"]
[Date "2010.08.15"]
[Round "9.61"]
[White "Slepuschkin, Shenis"]
[Black "Alvarez, Luis"]
[Result "1-0"]
[WhiteElo "2099"]
[BlackElo "1879"]
[PlyCount "72"]
[EventDate "2010.??.??"]
[WhiteTeam "SK Zehlendorf e.V."]
[BlackTeam "Schachclub Zug um Zug Everswinke"]

1. e4 d5 2. exd5 Qxd5 3. Nc3 Qa5 4. Bc4 Nf6 5. d3 c6 6. Qe2 b5 7. Bb3 e6 8. Bd2
Qb6 9. Nf3 Bd6 10. O-O O-O 11. Rad1 Nbd7 12. Ng5 Qc7 13. h3 Nc5 14. Nge4 Nfxe4
15. Nxe4 Nxb3 16. axb3 Bf4 17. Bc3 Be5 18. d4 Bd6 19. Qh5 Be7 20. b4 Bb7 21.
Rd3 f5 22. Nc5 Bc8 23. Re1 Bxc5 24. dxc5 Qe7 25. Rg3 Rf7 26. Rf3 Qf8 27. Rd3
Bd7 28. Red1 Be8 29. Qe2 Re7 30. Be5 Qf7 31. Rg3 g6 32. h4 h5 33. Qxh5 Qh7 34.
Qg5 Rd7 35. Rd6 Rxd6 36. cxd6 Bd7 1-0

[Event "9. Lichtenberger Sommer 2010"]
[Site "Berlin"]
[Date "2010.08.15"]
[Round "9.62"]
[White "Rudolph, Stephanie"]
[Black "Krebs, Alexander"]
[Result "1-0"]
[WhiteElo "1890"]
[BlackElo "1884"]
[PlyCount "95"]
[EventDate "2010.??.??"]
[WhiteTeam "SC Friesen Lichtenberg e.V."]
[BlackTeam "Ueberstorf"]

1. d4 d5 2. c4 e6 3. cxd5 exd5 4. Nc3 Nf6 5. Bg5 Bb4 6. Qa4+ Nc6 7. e3 Bxc3+ 8.
bxc3 h6 9. Bh4 a6 10. c4 dxc4 11. Bxc4 O-O 12. Nf3 Bf5 13. Qd1 Nb4 14. O-O b5
15. Be2 Rc8 16. Qb3 c5 17. Rfc1 Be6 18. Qa3 a5 19. dxc5 Qd5 20. Bxf6 gxf6 21.
Qxa5 Nxa2 22. Rd1 Qxc5 23. Rxa2 Bxa2 24. Qxa2 b4 25. Qb2 Qc3 26. Qxc3 Rxc3 27.
Rb1 Rfc8 28. Rxb4 Rc1+ 29. Bf1 Rd8 30. Rd4 Ra8 31. Nd2 Ra2 32. g4 h5 33. h3
Rcc2 34. Ne4 Kg7 35. Kg2 hxg4 36. hxg4 Rcb2 37. Rd7 Ra4 38. Kf3 Rbb4 39. Bd3
Ra3 40. Nc5 Rc3 41. Ne6+ Kh6 42. Nf4 Kg7 43. Nh5+ Kh6 44. Nxf6 Kg7 45. Nh5+ Kh6
46. Bf5 Rcb3 47. Rxf7 Rb7 48. Rf6+ 1-0

[Event "9. Lichtenberger Sommer 2010"]
[Site "Berlin"]
[Date "2010.08.15"]
[Round "9.63"]
[White "Große-Honebrink, Brigitte"]
[Black "Würsig, Mathias"]
[Result "1/2-1/2"]
[WhiteElo "1934"]
[BlackElo "1868"]
[PlyCount "111"]
[EventDate "2010.??.??"]
[WhiteTeam "SC Kreuzberg e.V."]
[BlackTeam "SV Blau-Gelb 1899 Hosena e.V."]

1. d4 Nf6 2. Nf3 g6 3. Bf4 d6 4. h3 Bg7 5. e3 Nbd7 6. Be2 c5 7. c3 O-O 8. O-O
a6 9. a4 b6 10. Nbd2 Bb7 11. Bh2 Re8 12. Re1 Rb8 13. e4 Nxe4 14. Nxe4 Bxe4 15.
Ng5 Bb7 16. Bc4 Rf8 17. dxc5 Nxc5 18. Qe2 Bf6 19. Nf3 b5 20. axb5 axb5 21. Ba2
b4 22. cxb4 Bxf3 23. Qxf3 Rxb4 24. Bd5 Rxb2 25. Bf4 Bg7 26. Ra8 Rb8 27. Rxb8
Qxb8 28. Rxe7 Ne6 29. Rb7 Qd8 30. Bg3 Qg5 31. Bxd6 Be5 32. Bxe5 Qxe5 33. Bxe6
Qe1+ 34. Kh2 fxe6 35. Qb3 Rxf2 36. Rb8+ Kg7 37. Qb7+ Kh6 38. Qb1 Qe5+ 39. Kg1
Qg3 40. Qb7 Rd2 41. Qf3 Rxg2+ 42. Qxg2 Qxb8 43. Qd2+ Kh5 44. Qe2+ Kg5 45. Qxe6
Qb1+ 46. Kg2 Qc2+ 47. Kg3 Qd3+ 48. Kg2 Kh6 49. Qc8 Qf5 50. Qb8 Kh5 51. Qb7 h6
52. Qb3 Qe4+ 53. Kg3 Qe5+ 54. Kg2 Qf4 55. Qd1+ Kg5 56. Qd8+ 1/2-1/2

[Event "9. Lichtenberger Sommer 2010"]
[Site "Berlin"]
[Date "2010.08.15"]
[Round "9.64"]
[White "Rüther, Marc"]
[Black "Schüler, Wolfgang"]
[Result "1/2-1/2"]
[WhiteElo "1749"]
[BlackElo "1982"]
[PlyCount "54"]
[EventDate "2010.??.??"]
[WhiteTeam "Queer-Springer SSV Berlin"]
[BlackTeam "SC Friesen Lichtenberg e.V."]

1. e4 e5 2. Nf3 Nc6 3. Bb5 a6 4. Ba4 Nf6 5. O-O b5 6. Bb3 Be7 7. Re1 O-O 8. h3
d6 9. c3 Na5 10. Bc2 c5 11. d4 Qc7 12. Bg5 h6 13. Bxf6 Bxf6 14. d5 Bd7 15. Nbd2
Be7 16. Nf1 f5 17. exf5 Bxf5 18. Bxf5 Rxf5 19. Ng3 Rf4 20. Re4 Raf8 21. Rxf4
Rxf4 22. Qc2 Nc4 23. Ne2 Rf7 24. b3 Nb6 25. c4 Qd7 26. a4 b4 27. Ng3 Nc8
1/2-1/2

[Event "9. Lichtenberger Sommer 2010"]
[Site "Berlin"]
[Date "2010.08.15"]
[Round "9.65"]
[White "Hantusch, Ralf"]
[Black "Hesselbarth, Karlheinz"]
[Result "1-0"]
[WhiteElo "1867"]
[BlackElo "1848"]
[PlyCount "89"]
[EventDate "2010.??.??"]
[WhiteTeam "SV Bau-Union e.V."]
[BlackTeam "SC Zugzwang 95 e.V."]

1. c4 e6 2. Nc3 d5 3. cxd5 exd5 4. d4 Nf6 5. Bg5 Be7 6. e3 O-O 7. Bd3 Nbd7 8.
Nge2 Re8 9. O-O Nf8 10. Qc2 g6 11. Rae1 Ne6 12. Bh4 Ng7 13. f3 c5 14. Bb5 Bd7
15. Bxd7 Qxd7 16. Nf4 cxd4 17. exd4 Nf5 18. Rxe7 Qxe7 19. Nfxd5 Nxd5 20. Bxe7
Ndxe7 21. Qd2 Rad8 22. d5 f6 23. Re1 Kf7 24. Kf2 Rd7 25. Qd3 Red8 26. Rd1 a6
27. Qc4 Nd6 28. Qb3 b5 29. Ne4 Nc4 30. d6 Nf5 31. a4 Nfxd6 32. Nxd6+ Rxd6 33.
Rxd6 Rxd6 34. axb5 axb5 35. Qxb5 Ne5 36. Kg3 g5 37. b4 h5 38. h4 gxh4+ 39. Kh3
Rd4 40. Qc5 Rf4 41. b5 Rc4 42. Qd5+ Ke7 43. b6 Rc2 44. b7 Rb2 45. Qc5+ 1-0

[Event "9. Lichtenberger Sommer 2010"]
[Site "Berlin"]
[Date "2010.08.15"]
[Round "9.67"]
[White "Mehringer, Jörg"]
[Black "Hübner, Alan-Ari"]
[Result "1-0"]
[WhiteElo "1894"]
[BlackElo "1558"]
[PlyCount "109"]
[EventDate "2010.??.??"]
[WhiteTeam "SC Weisse Dame e.V."]
[BlackTeam "TuS Makkabi Berlin e.V."]

1. e4 c5 2. d4 cxd4 3. c3 g6 4. Nf3 Bg7 5. Bc4 e6 6. Nxd4 a6 7. O-O Ne7 8. Bg5
O-O 9. Qe2 Nbc6 10. Nxc6 bxc6 11. Nd2 Bb7 12. Nb3 Re8 13. Rad1 d5 14. Nc5 Qb6
15. Nxb7 Qxb7 16. Bb3 h6 17. Be3 Rad8 18. Qc2 Nc8 19. Bc5 Nd6 20. f3 Qb5 21.
Qf2 Nc4 22. Bxc4 Qxc4 23. Be3 Rb8 24. a3 Qb3 25. Bc1 Qb6 26. Rfe1 Qxf2+ 27.
Kxf2 Rbd8 28. e5 Re7 29. Rd4 Rb7 30. Ra4 Ra8 31. f4 Kf8 32. Re2 Ke7 33. g4 f6
34. exf6+ Bxf6 35. f5 e5 36. fxg6 Bg7 37. h4 Kd6 38. Kg3 Rbb8 39. h5 Rf8 40. g5
hxg5 41. Bxg5 Rh8 42. Kg4 e4 43. Rh2 Bh6 44. Bxh6 Rxh6 45. Kg5 Rhh8 46. h6 e3
47. Re2 Rae8 48. h7 Rhf8 49. Rf4 Re5+ 50. Kg4 Rxf4+ 51. Kxf4 Re4+ 52. Kg5 Re5+
53. Kh6 Re4 54. h8=Q Rh4+ 55. Kg7 1-0

[Event "9. Lichtenberger Sommer 2010"]
[Site "Berlin"]
[Date "2010.08.15"]
[Round "9.68"]
[White "Pöltelt, Helmut"]
[Black "Albinus, Günter"]
[Result "0-1"]
[WhiteElo "1697"]
[BlackElo "1847"]
[PlyCount "90"]
[EventDate "2010.??.??"]
[WhiteTeam "SC Eintracht Berlin e.V."]
[BlackTeam "SG Weißensee 49 e.V."]

1. e4 c5 2. Nf3 d6 3. d4 cxd4 4. Nxd4 Nf6 5. Nc3 a6 6. Be2 e6 7. Be3 Be7 8. Qd2
O-O 9. f4 Nbd7 10. Bf3 Nc5 11. b4 Ncd7 12. a3 Nb6 13. Qd3 Qc7 14. O-O Bd7 15.
e5 Ne8 16. Rac1 Rc8 17. Nb1 Nc4 18. exd6 Bxd6 19. g3 e5 20. fxe5 Nxe5 21. Qd2
Nxf3+ 22. Nxf3 b5 23. Ng5 Be7 24. Qd5 Nf6 25. Qd3 h6 26. Nf3 Rfd8 27. Nd4 Bh3
28. Rfe1 Nd5 29. Bd2 Qb6 30. c3 Bf6 31. Re4 Bf5 32. Kh1 Bxe4+ 33. Qxe4 Bxd4 34.
cxd4 Rxc1+ 35. Bxc1 Nf6 36. Qe3 Rxd4 37. Nd2 Qd8 38. Kg2 Qd5+ 39. Kh3 Rd3 40.
Qb6 Rc3 41. Qg1 Rc2 42. Qe1 Qc6 43. Qe2 Rxc1 44. Nb3 Qc8+ 45. g4 Rc3+ 0-1